000 00676nam a2200241 a 4500
001 59190
003 BD-RjUL
005 20211209080713.0
008 161221s1982 ilua 001 0 eng
020 _a0673160157
035 _a(BD-RjUL)59314
040 _aDLC
_cDLC
_dBD-RjUL
_beng
041 _aeng
082 0 0 _a339
_223
_bBYM 1982
100 1 _aByrns, Ralph T.
_9176006
245 1 0 _aMacroeconomics /
_cRalph T. Byrns, Gerald W. Stone.
260 _aGlenview, Ill. :
_bScott, Foresman,
_cc1982.
300 _axxxv, 500 p. :
_bill. ;
_c24 cm.
500 _aIncludes index.
650 0 _aMacroeconomics.
_9172661
700 1 _aStone, Gerald W.
_9176007
942 _2ddc
_cBK
999 _c59190
_d59190